[Event "SVK-ch blitz"]
[Site "Poprad"]
[Date "2025.05.02"]
[Round "6"]
[White "Spik, Peter"]
[Black "Vastik, Lukas"]
[Result "0-1"]
[WhiteElo "2032"]
[BlackElo "1822"]
[PlyCount "46"]
[EventDate "2025.05.02"]
[EventType "swiss (blitz)"]
[EventRounds "13"]
[EventCountry "SVK"]
[SourceTitle "CB19_2025"]
[SourceDate "2025.05.07"]
[SourceVersion "1"]
[SourceVersionDate "2025.05.07"]
[SourceQuality "1"]

1. d4 Nf6 2. c3 d5 3. Nf3 e6 4. Bg5 h6 5. Bxf6 Qxf6 6. Nbd2 c5 7. e4 cxd4 8. cxd4 Nc6 9. Bb5 Bd7 10. 0-0 a6 11. Bxc6 Bxc6 12. exd5 Bxd5 13. Re1 Be7 14. Rc1 0-0 15. a3 Rac8 16. Qa4 Bc6 17. Qb3 Rfd8 18. h3 Qg6 19. Nc4 Bf6 20. Nce5 Bxe5 21. dxe5 Rd3 22. Qc2 Rcd8 23. Red1 Rxd1+ 0-1

[Event "SVK-ch blitz"]
[Site "Poprad"]
[Date "2025.05.02"]
[Round "5"]
[White "Vastik, Lukas"]
[Black "Beres, Tomas"]
[Result "1-0"]
[WhiteElo "1822"]
[BlackElo "1982"]
[PlyCount "53"]
[EventDate "2025.05.02"]
[EventType "swiss (blitz)"]
[EventRounds "13"]
[EventCountry "SVK"]
[SourceTitle "CB19_2025"]
[SourceDate "2025.05.07"]
[SourceVersion "1"]
[SourceVersionDate "2025.05.07"]
[SourceQuality "1"]

1. e4 c5 2. c3 g6 3. d4 cxd4 4. cxd4 d5 5. Nc3 dxe4 6. Bc4 Bg7 7. Qb3 e6 8. d5 Nf6 9. dxe6 fxe6 10. Bxe6 Bxe6 11. Qxe6+ Qe7 12. Qb3 Nc6 13. Nge2 0-0-0 14. Bf4 h6 15. Rc1 g5 16. Bg3 h5 17. Nb5 Kd7 18. Nd6 Rb8 19. Nf5 Qb4+ 20. Kf1 Qxb3 21. axb3 Bf8 22. Bxb8 Nxb8 23. g3 Nc6 24. Kg2 Bb4 25. Rhd1+ Ke8 26. Ned4 Ne5 27. Rc8+ 1-0

[Event "SVK-chT2B 2425"]
[Site "Slovakia"]
[Date "2024.12.01"]
[Round "4.3"]
[White "Domany, Zsofia"]
[Black "Vastik, Lukas"]
[Result "1/2-1/2"]
[WhiteElo "2151"]
[BlackElo "2031"]
[PlyCount "70"]
[EventDate "2024.11.09"]
[EventType "team-tourn"]
[EventRounds "11"]
[EventCountry "SVK"]
[SourceTitle "CB51_2024"]
[SourceDate "2024.12.18"]
[SourceVersion "1"]
[SourceVersionDate "2024.12.18"]
[SourceQuality "1"]
[WhiteTeam "Batorove Kosihy"]
[BlackTeam "Belusa"]
[WhiteTeamCountry "SVK"]
[BlackTeamCountry "SVK"]

1. e4 c5 2. Nf3 a6 3. d4 cxd4 4. Nxd4 Nf6 5. Bd3 e5 6. Nb3 Nc6 7. c4 d6 8. Nc3 Bg4 9. f3 Bh5 10. Be3 Be7 11. 0-0 0-0 12. Qe2 Rc8 13. Rac1 Nd7 14. Nd5 Bg5 15. Rfd1 Bxe3+ 16. Qxe3 Ne7 17. Bf1 Nxd5 18. Rxd5 Nf6 19. Rd2 Qc7 20. Rcd1 Rfd8 21. Nc1 h6 22. b3 Ne8 23. Nd3 a5 24. Nb2 f6 25. Na4 Bf7 26. Nb6 Rb8 27. Rc1 Qc5 28. Kf2 Qxe3+ 29. Kxe3 Kf8 30. Rcd1 Ke7 31. g3 Be6 32. a3 Nc7 33. Rc2 Na8 34. Nxa8 Rxa8 35. a4 b6 1/2-1/2

[Event "SVK-chT2B 2324"]
[Site "Slovakia"]
[Date "2024.02.11"]
[Round "9.6"]
[White "Vastik, Lukas"]
[Black "Nikel, Rastislav"]
[Result "1/2-1/2"]
[WhiteElo "1955"]
[BlackElo "2005"]
[PlyCount "61"]
[EventDate "2023.10.07"]
[EventType "team-tourn"]
[EventRounds "11"]
[EventCountry "SVK"]
[SourceTitle "EXT 2025"]
[Source "ChessBase"]
[SourceDate "2024.10.14"]
[SourceVersion "1"]
[SourceVersionDate "2024.10.14"]
[SourceQuality "1"]
[WhiteTeam "Trencin"]
[BlackTeam "Levice III"]
[WhiteTeamCountry "SVK"]
[BlackTeamCountry "SVK"]

1. e4 c5 2. c3 d5 3. exd5 Qxd5 4. d4 Nc6 5. Nf3 Bg4 6. Be2 cxd4 7. cxd4 e6 8. Nc3 Qa5 9. 0-0 Nf6 10. h3 Bxf3 11. Bxf3 Bb4 12. Bxc6+ bxc6 13. Qf3 0-0 14. Ne4 Nxe4 15. Qxe4 Rac8 16. Be3 Rfd8 17. Rfc1 Rd5 18. a3 Be7 19. Rc4 Bf6 20. Rac1 Qb6 21. Qc2 h6 22. Rxc6 Rxc6 23. Qxc6 Qxb2 24. Qe8+ Kh7 25. Qxf7 Bxd4 26. Rc8 Qb1+ 27. Kh2 Qf5 28. Qg8+ Kg6 29. Qe8+ Kh7 30. Qg8+ Kg6 31. Qe8+ 1/2-1/2

[Event "SVK-chT2B 2324"]
[Site "Slovakia"]
[Date "2024.02.10"]
[Round "8.5"]
[White "Vastik, Lukas"]
[Black "Rakovsky, Jakub"]
[Result "1/2-1/2"]
[WhiteElo "1955"]
[BlackElo "2145"]
[PlyCount "84"]
[EventDate "2023.10.07"]
[EventType "team-tourn"]
[EventRounds "11"]
[EventCountry "SVK"]
[SourceTitle "EXT 2025"]
[Source "ChessBase"]
[SourceDate "2024.10.14"]
[SourceVersion "1"]
[SourceVersionDate "2024.10.14"]
[SourceQuality "1"]
[WhiteTeam "Trencin"]
[BlackTeam "Tlmace"]
[WhiteTeamCountry "SVK"]
[BlackTeamCountry "SVK"]

1. e4 e5 2. Nc3 Nf6 3. f4 d5 4. fxe5 Nxe4 5. Qf3 Nxc3 6. bxc3 Qh4+ 7. g3 Qe4+ 8. Qxe4 dxe4 9. Bg2 Bf5 10. Ne2 Nc6 11. Rf1 Bg6 12. Nf4 Nxe5 13. Nxg6 hxg6 14. Bxe4 0-0-0 15. Rh1 Ng4 16. Kf1 Rxh2 17. Rxh2 Nxh2+ 18. Kg2 Ng4 19. d4 Nf6 20. Bd3 Nd5 21. Bd2 Re8 22. Rf1 f5 23. g4 fxg4 24. c4 Nf6 25. Bg5 Nd7 26. Bxg6 Re2+ 27. Rf2 Rxf2+ 28. Kxf2 c5 29. c3 Bd6 30. Bf5 g3+ 31. Kf3 Kc7 32. Bh4 Nb6 33. dxc5 Bxc5 34. Bxg3+ Kd8 35. Be5 g5 36. Bf6+ Be7 37. Bd4 Nxc4 38. Bxa7 Kc7 39. Bd4 Bd6 40. Be6 Ne5+ 41. Ke4 Ng6 42. Kf5 Nf4 1/2-1/2

[Event "SVK-chT3B2 2324"]
[Site "Slovakia"]
[Date "2023.10.15"]
[Round "1.4"]
[White "Vastik, Lukas"]
[Black "Masar, Jan"]
[Result "1-0"]
[WhiteElo "1904"]
[BlackElo "1740"]
[PlyCount "77"]
[EventDate "2023.10.15"]
[EventType "team-tourn"]
[EventRounds "11"]
[EventCountry "SVK"]
[SourceTitle "EXT 2025"]
[Source "ChessBase"]
[SourceDate "2024.10.14"]
[SourceVersion "1"]
[SourceVersionDate "2024.10.14"]
[SourceQuality "1"]
[WhiteTeam "Belusa"]
[BlackTeam "Handlova"]
[WhiteTeamCountry "SVK"]
[BlackTeamCountry "SVK"]

1. e4 Nf6 2. e5 Nd5 3. c4 Nb6 4. d4 d6 5. f4 g6 6. Nc3 Bg7 7. Be2 0-0 8. Be3 Bf5 9. c5 dxc5 10. dxc5 Nc8 11. Nf3 Nc6 12. Qb3 Bd7 13. Rd1 e6 14. Nd4 Nxd4 15. Rxd4 Qe8 16. Qxb7 Bc6 17. Qxc7 Bxg2 18. Rg1 Qc6 19. Qxc6 Bxc6 20. b4 a6 21. a4 Ne7 22. b5 axb5 23. axb5 Nf5 24. Rd3 Bd5 25. Nxd5 exd5 26. c6 Rfc8 27. Kf2 Bf8 28. Rxd5 Nxe3 29. Kxe3 Ra3+ 30. Bd3 Ra4 31. Rc1 Rb4 32. Rb1 Rxb1 33. Bxb1 Be7 34. Rd7 Bc5+ 35. Ke4 Bb6 36. Ba2 Ra8 37. Bxf7+ Kf8 38. Kd5 Ra4 39. c7 1-0

[Event "SVK-chT3B2 2223"]
[Site "Slovakia"]
[Date "2022.12.18"]
[Round "4.3"]
[White "Vastik, Lukas"]
[Black "Orgon, Patrik"]
[Result "1/2-1/2"]
[WhiteElo "1847"]
[BlackElo "1766"]
[PlyCount "51"]
[EventDate "2022.10.23"]
[EventType "team-tourn"]
[EventRounds "11"]
[EventCountry "SVK"]
[SourceTitle "EXT 2024"]
[Source "ChessBase"]
[SourceDate "2023.10.10"]
[SourceVersion "1"]
[SourceVersionDate "2023.10.10"]
[SourceQuality "1"]
[WhiteTeam "Belusa II"]
[BlackTeam "Dubnica nad Vahom V"]
[WhiteTeamCountry "SVK"]
[BlackTeamCountry "SVK"]

1. e4 b6 2. d4 Bb7 3. Nc3 e6 4. Nf3 Bb4 5. Bd3 c5 6. dxc5 bxc5 7. Bd2 Bxc3 8. Bxc3 Nf6 9. 0-0 0-0 10. e5 Ne4 11. Be1 f5 12. Nd2 Nxd2 13. Bxd2 Qh4 14. f4 Qe7 15. Qe2 Rc8 16. b3 Nc6 17. c3 a5 18. a4 Qf8 19. Rad1 Ne7 20. c4 Nc6 21. Bc3 Rc7 22. Bc2 Nb4 23. Bxb4 cxb4 24. Rd6 Bc6 25. Rfd1 Qe7 26. Qe3 1/2-1/2

[Event "Liptovsky Jan op"]
[Site "Liptovsky Jan"]
[Date "2022.06.26"]
[Round "6"]
[White "Koren, Juraj"]
[Black "Vastik, Lukas"]
[Result "0-1"]
[WhiteElo "1516"]
[BlackElo "1784"]
[PlyCount "50"]
[EventDate "2022.06.23"]
[EventType "swiss"]
[EventRounds "7"]
[EventCountry "SVK"]
[SourceTitle "CBM 209 Extra"]
[Source "ChessBase"]
[SourceDate "2022.09.30"]
[SourceVersion "1"]
[SourceVersionDate "2022.09.30"]
[SourceQuality "1"]

1. e4 e5 2. f4 exf4 3. Nf3 g5 4. h3 Qe7 5. d3 Bg7 6. c3 Nh6 7. Nh2 Nf5 8. Be2 Ng3 9. Rg1 d5 10. Nd2 dxe4 11. dxe4 Nc6 12. Qc2 Nxe2 13. Kxe2 Bd7 14. Re1 0-0-0 15. Kf1 Ne5 16. Ndf3 Bb5+ 17. Kg1 Nd3 18. Re2 Nxc1 19. Rxc1 Bxe2 20. Qxe2 Qc5+ 21. Kh1 h5 22. Nf1 g4 23. Nh4 Bf6 24. Nf5 Rde8 25. Rd1 Qxf5 0-1

[Event "SVK-chT2B 2122"]
[Site "Slovakia"]
[Date "2022.04.30"]
[Round "10.8"]
[White "Papp, Zsolt3"]
[Black "Vastik, Lukas"]
[Result "0-1"]
[WhiteElo "1000"]
[BlackElo "1738"]
[PlyCount "79"]
[EventDate "2021.10.16"]
[EventType "team-tourn"]
[EventRounds "11"]
[EventCountry "SVK"]
[SourceTitle "EXT 2023"]
[Source "ChessBase"]
[SourceDate "2022.10.05"]
[SourceVersion "1"]
[SourceVersionDate "2022.10.05"]
[SourceQuality "1"]
[WhiteTeam "Levice II"]
[BlackTeam "Belusa"]
[WhiteTeamCountry "SVK"]
[BlackTeamCountry "SVK"]

1. e4 e5 2. Nf3 Nc6 3. Bb5 Nf6 4. 0-0 d6 5. Re1 Bg4 6. c3 Be7 7. d3 0-0 8. Nbd2 Nd7 9. h3 Bh5 10. Nf1 Nb6 11. Ng3 Bg6 12. d4 Bf6 13. d5 Ne7 14. Bf1 c6 15. c4 Rc8 16. b3 cxd5 17. cxd5 Nd7 18. Ba3 Qb6 19. Rc1 Nc5 20. b4 Nd7 21. Qd2 h5 22. Bd3 h4 23. Nf1 Bh5 24. N1h2 Ng6 25. Qe3 Nf4 26. Qxb6 Nxb6 27. Bf1 Bg6 28. Ng4 Be7 29. g3 hxg3 30. fxg3 Nh5 31. Kg2 Rxc1 32. Bxc1 Rc8 33. Bd3 Nxd5 34. Nf2 Nxb4 35. Bb1 Nf6 36. Bd2 Na6 37. Nh4 Bh7 38. g4 Nxe4 39. Nxe4 Bxh4 40. Rd1 0-1

[Event "Liptovsky Jan Slovak op U2200"]
[Site "Liptovsky Jan"]
[Date "2021.06.19"]
[Round "5"]
[White "Verba, Vladimir"]
[Black "Vastik, Lukas"]
[Result "1-0"]
[WhiteElo "1774"]
[BlackElo "1544"]
[PlyCount "57"]
[EventDate "2021.06.17"]
[EventType "swiss"]
[EventRounds "7"]
[EventCountry "SVK"]
[SourceTitle "CBM 203 Extra"]
[Source "ChessBase"]
[SourceDate "2021.09.30"]
[SourceVersion "1"]
[SourceVersionDate "2021.09.30"]
[SourceQuality "1"]

1. e4 d5 2. exd5 Qxd5 3. Nc3 Qd8 4. d4 e6 5. Nf3 Nf6 6. Bc4 a6 7. 0-0 Be7 8. Re1 0-0 9. Ne5 b5 10. Bb3 Nd5 11. Nxd5 exd5 12. c3 c6 13. Bc2 f5 14. Qh5 Qd6 15. Bf4 Qf6 16. Ng4 Qh4 17. Qxh4 Bxh4 18. Ne5 Bf6 19. Nd3 g5 20. Bd6 Rd8 21. Bc7 Rf8 22. Bd6 Rd8 23. Be7 Bxe7 24. Rxe7 Nd7 25. Nb4 Nb8 26. Rae1 a5 27. Nd3 Nd7 28. R1e6 Nc5 29. Rxc6 1-0

[Event "Liptovsky Jan Slovak op U2200"]
[Site "Liptovsky Jan"]
[Date "2021.06.17"]
[Round "1"]
[White "Zetocha, Adrian"]
[Black "Vastik, Lukas"]
[Result "1-0"]
[WhiteElo "2034"]
[BlackElo "1544"]
[PlyCount "35"]
[EventDate "2021.06.17"]
[EventType "swiss"]
[EventRounds "7"]
[EventCountry "SVK"]
[SourceTitle "CBM 203 Extra"]
[Source "ChessBase"]
[SourceDate "2021.09.30"]
[SourceVersion "1"]
[SourceVersionDate "2021.09.30"]
[SourceQuality "1"]

1. d4 d5 2. c4 dxc4 3. Nf3 e6 4. e3 a6 5. Bxc4 b5 6. Bb3 Bb7 7. 0-0 Be7 8. Qe2 Nf6 9. Rd1 Nbd7 10. a4 b4 11. Nbd2 Ne4 12. Nxe4 Bxe4 13. Nd2 0-0 14. f3 f5 15. fxe4 Rf6 16. Qg4 Rg6 17. Qxf5 Qe8 18. Kh1 1-0